| 000 | 00495nam a2200193Ia 4500 | ||
|---|---|---|---|
| 003 | LK-CoDNM | ||
| 005 | 20240806121046.0 | ||
| 008 | 010623t1860 xxu||||| |||| 00| 1 eng d | ||
| 040 |
_aLK-CoDNM _dLK-CoDNM _eLK-CoDNM |
||
| 041 | _aeng | ||
| 080 |
_a16 _bL15 |
||
| 100 | _aHardy,Spence. | ||
| 245 | _aManual of Buddhism : In Its Modern Development | ||
| 260 |
_bWilliams Norgate _aLondon _c1860 |
||
| 300 | _bxvi, 533p. ; 22 cm | ||
| 650 | _aCaste | ||
| 650 | _aWessantara | ||
| 942 | _cBK | ||
| 999 |
_c81478 _d81478 |
||